000 01245cam a22002891i 4500
003 SA-RiAUC
005 20241211061112.0
008 241210s2007 le g 000 p ara c
040 _aSA-JeALM
_bara
_cSA-RiAUC.
_erda
072 7 _aMAI
082 0 4 _a811.064
_qSA-RiAUC
090 _a811.064
_bب ر ع
100 1 _aالبرعي، عبد الرحيم بن أحمد بن علي،
_dتوفي 803 هجري
_eمؤلف.
245 1 0 _aديوان البرعي /
_cعبد الرحيم بن أحمد بن علي البرعي اليمني ؛ عني به أنس محمد عدنان الشرقاوي.
250 _aالطبعة الاولى :
264 1 _aدمشق :
_aبيروت :
_bدار السنابل،
_bدار الحاوي.
_c2007
300 _a397 صفحة ؛
_c24 سم
336 _aنص
_btxt
_2rdacontent
_3كتاب
337 _aبدون وسيط
_bn
_2rdamedia
338 _aمجلد
_bnc
_2rdacarrier
500 _aاهداء من احمد عبدالوهاب آشي في 20 / 5 / 1428 هـ
650 7 _aالشعر العربي الصوفي
_2aucsh
650 7 _aالشعر الديني
_2aucsh
700 1 _aالشرقاوي، أنس محمد عدنان
_eمراجع.
942 _2ddc
_cBOOK
_n0
949 _aSA-JeALM
_d241210
_uosman123
_n1
999 _c3287
_d3287